00721nam a2200229 i 450000100060000000300090000600500170001500700030003200800410003502000180007608000230009410000200011724501270013725000270026426000310029130000220032249000310034470000320037570000200040783000310042785200330045873369ES-MaACL20260201184400.0t|041005s2004 sp ||||1| spa d a84-7506-659-3 a821.111(73)-31"19"1 aO'Brien, Darcy.13aUn estilo de vida como cualquier otro / cDarcy O'Brien ; introducción de Seamus Heaney ; traducción de Jaime Zulaika. a1ª ed. en castellano. aMadrid : bTurner, c2004. a222 p. ; c25 cm.1 aLiteratura y memoria ; v21 aHeaney, Seamus, d1939-20131 aZulaika, Jaime.0 aLiteratura y memoria ; v2 aES-MaACLjL-28167 bR.134110